000 01192nam a2200349Ia 4500
001 dia_5982
003 CHAP
005 20230502122902.0
008 220117s2013 xx 000 0 und d
010 _a177147
020 _a978-607-11-2525-5 (v.2)
040 _cCHAP
082 _a808.839382 T39 H55 2013
100 _aTaylor, Laini
_9160331
245 _aHija de humo y hueso /
_c Laini Taylor ; traducción Montserrat Nieto Sánchez
260 _aMéxico :
_b Alfaguara,
_c2013
300 _a3 v.
500 _aTítulo original: Daughter of smoke and bone
503 _aC.
505 _av.Hija de humo y hueso \ v.2. Días de sangre y resplandor \ v.3. Sueños de dioses y monstruos
590 _aPS3570.A95 H55 2013
650 _aAmerican literature
_x21st century Mythology
_xFiction
_9160332
650 _aFiction
_9152751
650 _aLiteratura americana
_xSiglo XXI
_9153678
650 _aMitología
_xNovela
_9160333
650 _aNovela
_982011
700 _aNieto Sánchez, Montserrat, tr.
_9160334
901 _a808.839382 T39 H55 2013
902 _aM
905 _a5222272013 mx b 9222223332spa16
942 _cLIBRO
_2ddc
999 _c177147
_d177147